01010cam a22002891 4500001001300000003000400013005001700017008004100034010001700075015001400092035001900106040005000125042001200175050002000187082001300207100003700220245016800257250001200425260003500437300004000472440005800512504002900570650001500599700005400614700003500668999001700703agr51000502 DLC20260227111015.0750829s1951 nyuac b 000 0 eng c aagr51000502  aGB51-1735 a(OCoLC)1581490 aU.S. Dept. of Agr. Libr.cFMUdOCoLCdUkdDLC apremarc00aSF105b.R5 1951 a636.08241 aRice, Victor Arthur,d1890-1964.00aBreeding and improvement of farm animals,cby Victor Arthur Rice and Frederick Newcomb Andrews, with chapter on Selection in meat animals by Everett James Warwick. a4th ed. aNew York,bMcGraw-Hill,c1951. axii, 787 p.billus., ports.c24 cm. 0aMcGraw-Hill publications in the agricultural sciences aIncludes bibliographies. 0aLivestock.1 aAndrews, Frederick Newcomb,d1914-ejoint author.1 aWarwick, Everett James,d1917- c11362d11362